Loading...
| Any History | 9 | 14.44 | 100% | 33% | 11% |
| Current Events | 3 | 20.00 | 100% | 100% | 0% |
| Fine Arts - Classical Music | 11 | 10.91 | 91% | 9% | 9% |
| Fine Arts - Other | 8 | 11.25 | 100% | 13% | 0% |
| Geography | 3 | 13.33 | 100% | 33% | 0% |
| History - American | 10 | 13.00 | 90% | 40% | 0% |
| History - European | 7 | 14.29 | 100% | 43% | 0% |
| History - World | 8 | 13.75 | 100% | 25% | 13% |
| Literature - American | 8 | 17.50 | 100% | 63% | 13% |
| Literature - British | 9 | 17.78 | 100% | 67% | 11% |
| Literature - European | 8 | 13.75 | 88% | 50% | 0% |
| Literature - World | 9 | 15.56 | 100% | 56% | 0% |
| Mythology | 4 | 17.50 | 100% | 75% | 0% |
| Other Academic | 4 | 15.00 | 100% | 50% | 0% |
| Painting & Sculpture | 5 | 16.00 | 100% | 60% | 0% |
| Philosophy | 6 | 16.67 | 83% | 83% | 0% |
| Religion | 9 | 17.78 | 100% | 78% | 0% |
| Science - Biology | 7 | 12.86 | 100% | 29% | 0% |
| Science - Chemistry | 9 | 8.89 | 78% | 11% | 0% |
| Science - Other | 11 | 12.73 | 91% | 27% | 9% |
| Science - Physics | 7 | 14.29 | 100% | 29% | 14% |
| Social Science | 10 | 12.00 | 80% | 40% | 0% |